Problém skúmania interetnických vzťahov

Otázky týkajúce sa etnickosti, etnicity. Historické premeny dvoch kľúčových pojmov - národ a štát. Pojem štátu. Kríza idey štátu. Koncept tzv. minimálneho štátu, alebo pokus o prekonanie etatizmu. Pojem multikultúrneho štátu.

Saved in:
Bibliographic Details
Main Author: Zágoršeková, Marta
Format: Book Chapter
Language:Slovak
Subjects:
Tags: Add Tag
No Tags, Be the first to tag this record!

MARC

LEADER 00000nla a2200000 4500
001 0241575
005 20240502073932.9
041 0 |a slo 
044 |a SK 
245 1 0 |a Problém skúmania interetnických vzťahov  |c Marta Zágoršeková 
520 |a Otázky týkajúce sa etnickosti, etnicity. Historické premeny dvoch kľúčových pojmov - národ a štát. Pojem štátu. Kríza idey štátu. Koncept tzv. minimálneho štátu, alebo pokus o prekonanie etatizmu. Pojem multikultúrneho štátu. 
610 2 0 |a etnikum 
610 2 0 |a národ 
610 2 0 |a štát 
100 1 |a Zágoršeková, Marta